Statistics for A to Z - European Cities

Click here to take the quiz!

General Stats

  • This quiz has been taken 77 times
  • The average score is 16 of 25

Answer Stats

HintLetterAnswer% Correct
Birthplace of pizzaNNaples
94%
Birthplace of democracyAAthens
92%
City in both Asia and EuropeIIstanbul
92%
Westernmost capital in EuropeRReykjavik
87%
Known for its pasta sauceBBologna
86%
Second largest city in PolandKKrakow
86%
Only capital in the world starting with this letterZZagreb
83%
Heavily bombed during World War 2DDresden
82%
Second largest city in IrelandCCork
80%
Amerigo Vespucci's hometownFFlorence
80%
Birthplace of Marie CurieWWarsaw
79%
Popular tourist destination in southern SpainMMalaga
76%
Best known for footballLLiverpool
75%
A new one can be found from the United StatesYYork
75%
One of the most expensive cities in the worldOOslo
66%
Home to the world's largest arts festivalEEdinburgh
65%
A type of wine was named after this cityPPorto
52%
One of Sweden's oldest citiesUUppsala
41%
Birthplace of melodic death metalGGothenburg
35%
Its name comes from the Breton word "Kemper"QQuimper
35%
Home of the band ScorpionsHHanover
32%
Largest city on the Crimean peninsulaSSevastopol
32%
Sometimes called "the Pink City"TToulouse
27%
Located on the coast of the Black SeaVVarna
27%
Hosts the Finnish WRC rally eventJJyväskylä
8%

Score Distribution

Percentile by Number Answered

Percent of People with Each Score

Your Score History

You have not taken this quiz